Female ascetics in Hinduism (Record no. 22736)

MARC details
000 -LEADER
fixed length control field 00554cam a2200205 a 4500
020 ## - INTERNATIONAL STANDARD BOOK NUMBER
ISBN 0791461793 (alk. paper)
020 ## - INTERNATIONAL STANDARD BOOK NUMBER
ISBN 0791461807 (pbk. : alk. paper)
082 00 - DEWEY DECIMAL CLASSIFICATION NUMBER
Classification number 294.544
Author Cutter DEN
100 1# - MAIN ENTRY--AUTHOR NAME
Author name Denton, Lynn Teskey,
245 10 - TITLE STATEMENT
Title Female ascetics in Hinduism
260 ## - PUBLICATION, DISTRIBUTION, ETC. (IMPRINT)
Place of publication Albany :
Name of publisher State University of New York Press,
Year of publication c2004.
300 ## - PHYSICAL DESCRIPTION
Number of Pages ix, 218 p. ;
650 #0 - SUBJECT ADDED ENTRY--TOPICAL TERM
Topical Term Hindu women
650 #0 - SUBJECT ADDED ENTRY--TOPICAL TERM
Topical Term Asceticism
650 #0 - SUBJECT ADDED ENTRY--TOPICAL TERM
Topical Term Ascetics
650 #0 - SUBJECT ADDED ENTRY--TOPICAL TERM
Topical Term Hindu monastic and religious life
942 ## - ADDED ENTRY ELEMENTS (KOHA)
Koha item type Books
700 1# -
-- Collins, Steven,
Holdings
Home library Current library Shelving location Date acquired Full call number Accession Number Koha item type
Henry Martyn Institute Library Henry Martyn Institute Library General stacks 10/09/2019 294.544 DEN 25610 Books
                   Copyright © 2026 | Henry Martyn Institute | Hyderabad | TS-500052 | INDIA | Implemented by hmi.edu.in
Hit-Count:

Powered by Koha